Đánh giá tính dễ bị tổn thương do biến đổi khí hậu đối với canh tác cây lúa nước tại huyện Tân Hưng, tỉnh Long An : Luận văn Thạc sĩ - Chuyên ngành : Quản lý Tài nguyên và Môi trường

Salvato in:
Dettagli Bibliografici
Autore principale: Lê, Công Khanh
Natura: Luận văn
Lingua:Undetermined
Pubblicazione: Trường Đại học Công Nghiệp Tp. Hồ Chí Minh 2020
Soggetti:
Tags: Aggiungi Tag
Nessun Tag, puoi essere il primo ad aggiungerne! !
Thư viện lưu trữ: Trung tâm Thư viện - Trường Đại học Công nghiệp TP. Hồ Chí Minh
LEADER 00815nam a2200157Ia 4500
001 UIH_01620
008 230809s9999 xx 000 0 und d
082 |a 628 
100 |a Lê, Công Khanh 
245 0 |a Đánh giá tính dễ bị tổn thương do biến đổi khí hậu đối với canh tác cây lúa nước tại huyện Tân Hưng, tỉnh Long An : Luận văn Thạc sĩ - Chuyên ngành : Quản lý Tài nguyên và Môi trường 
245 0 |c Lê, Công Khanh 
260 |b Trường Đại học Công Nghiệp Tp. Hồ Chí Minh 
260 |c 2020 
650 |a Quản lý môi trường;Biến đổi khí hậu 
927 |a Luận văn 
980 |a Trung tâm Thư viện - Trường Đại học Công nghiệp TP. Hồ Chí Minh